[Event "Pan American-ch U12 Girls"]
[Site "Guayaquil"]
[Date "2019.07.25"]
[Round "7"]
[White "Orbe Vivero, Maria Jose"]
[Black "Chen, Angela"]
[Result "1-0"]
[WhiteElo "1169"]
[BlackElo "1341"]
[PlyCount "61"]
[EventDate "2019.07.21"]
[EventType "swiss"]
[EventRounds "9"]
[EventCountry "ECU"]
[SourceTitle "EXT 2020"]
[Source "ChessBase"]
[SourceDate "2019.10.17"]
[SourceVersion "1"]
[SourceVersionDate "2019.10.17"]
[SourceQuality "1"]

1. c4 e5 2. Nc3 Nc6 3. g3 Nf6 4. Bg2 Bc5 5. e3 d6 6. Nge2 a6 7. 0-0 0-0 8. d4 Ba7 9. Rb1 Bg4 10. Qc2 exd4 11. Nxd4 Nxd4 12. exd4 Bxd4 13. Bxb7 Ra7 14. Bg2 Qd7 15. Ne4 Qf5 16. Nxf6+ Bxf6 17. Be4 Qh5 18. Be3 c5 19. Qd2 Qe5 20. Bg2 Rd8 21. b3 Bf5 22. Rbe1 Qb2 23. Qxb2 Bxb2 24. Rd1 Ba3 25. Bf4 Rad7 26. Bc6 Rc7 27. Ba4 Bh3 28. Rfe1 Bb4 29. Re3 Rb7 30. Rxd6 Rxd6 31. Re8# 1-0